000 01347cam a2200277 a 4500
001 000002793
005 20251112115145.0
008 960830s1999 sp 001 0 spa d
020 _a8437614163
040 _aDO-SdBNP
_cDLC
_dDLC
082 _a985.01
_bG216c, 1999
100 1 _aVega, Garcilaso de la
_d1539-1616.
_98821
245 1 0 _aComentarios reales :
_bselección /
_cInca Garcilaso de la Vega ; edición, Enrique Pupo-Walker.
260 _aMadrid :
_bCátedra,
_c1999.
300 _a314 p. ;
_c18 cm.
440 0 _aLetras hispánicas ;
_vno. 410
_94208
500 _aEdición de Enrique Pupo- Walker
520 1 _a"Excellent introduction to the life and works of Garcilaso de la Vega that includes a superb analysis of classic and contemporary critical studies. Representative selections taken from Diálogos de amor, La Florida, the Comentarios reales and Historia general del Perú. Complete index to latter two works included as an appendix. Highly recommended"--Handbook of Latin American Studies, v. 58. |u http://www.loc.gov/hlas/
650 4 _aIncas
_98822
650 0 _aIndígenas de América del Sur
_96752
651 4 _aPerú
_xHistoria
_yHASTA 1548
_93124
650 4 _aLiteratura peruana
_93140
700 1 _aPupo-Walker, Enrique ;
_eed.
_98823
910 _aCatalogación por copia / LC
910 _aJornada de catalogación
999 _c2627
_d2627